000 00807nam a2200253Ia 4500
003 GCL
008 140319s9999 xx 000 0 ara d
040 _aGCL /
_cGCL
082 0 4 _a355
_bع ف
100 1 _aعبدالمنعم خليل
245 1 0 _aفى قلب المعركة : استراتيجية اعداد القوى ورباط الخيل /
_cعبدالمنعم خليل
700 1 _aحسن احمد البدرى (تقديم)
260 _a[S.N] :
_bالمكتبة الاكاديمية ،
_c1995
300 _a589 ص
490 _a
650 0 4 _aمصر
650 0 4 _aالعلوم الحربية
650 0 4 _aقيادة الجيوش
650 0 4 _aالجيش
650 0 4 _aالحروب
650 0 4 _aالاستراتيجية
650 0 4 _aالقوات المسلحة
942 _2ddc
_cBK
999 _c36924
_d36924